[Event "PER-ch"]
[Site "Lima"]
[Date "2023.09.02"]
[Round "7"]
[White "Salazar Flores, Yerick Alexander"]
[Black "Chavez Bautista, Lennin Alfredo"]
[Result "1/2-1/2"]
[WhiteElo "1692"]
[BlackElo "1286"]
[PlyCount "126"]
[EventDate "2023.08.29"]
[EventType "swiss"]
[EventRounds "9"]
[EventCountry "PER"]
[SourceTitle "EXT 2024"]
[Source "ChessBase"]
[SourceDate "2023.10.10"]
[SourceVersion "1"]
[SourceVersionDate "2023.10.10"]
[SourceQuality "1"]

1. d4 d5 2. Nf3 Nf6 3. c4 c6 4. Nc3 e6 5. e3 Bd6 6. Bd3 0-0 7. 0-0 dxc4 8. Bxc4 b5 9. Bd3 Nbd7 10. Qc2 Bb7 11. Rd1 Qe7 12. e4 e5 13. dxe5 Nxe5 14. Nxe5 Bxe5 15. h3 a6 16. a4 Rfd8 17. Be3 Qc7 18. Ne2 Nh5 19. Qc1 Bd6 20. f4 b4 21. e5 Bf8 22. Be4 Rxd1+ 23. Qxd1 c5 24. Qc2 Bxe4 25. Qxe4 Re8 26. Qc4 Nf6 27. Bf2 Nd7 28. Qxa6 Re6 29. Qc4 Nb6 30. Qb5 Rg6 31. a5 Nc8 32. a6 Rb6 33. Qa5 Na7 34. Ng3 Qb8 35. Ne4 Rb5 36. Qa4 h6 37. b3 Qd8 38. Qa2 Qd3 39. Nd2 Rb6 40. Nc4 Rg6 41. Ne3 Qe4 42. f5 Rc6 43. Qb2 Qd3 44. Qc2 Qd4 45. Re1 Qxe5 46. Ng4 Qc3 47. Qxc3 bxc3 48. Rc1 Nb5 49. a7 Nxa7 50. Rxc3 Nb5 51. Rc1 f6 52. Nh2 Kf7 53. Nf3 Rc7 54. Kf1 Rc8 55. Nd2 Nd6 56. g4 Nb7 57. Ne4 Na5 58. Rc3 c4 59. bxc4 Rxc4 60. Re3 Rc1+ 61. Kg2 Nc4 62. Rb3 Nd6 63. Nc5 Rc2 1/2-1/2

[Event "Lima Surco op 4th"]
[Site "Lima"]
[Date "2017.10.29"]
[Round "7"]
[White "Chavez Bautista, Lennin Alfredo"]
[Black "Vega Paucar, Emely Bachellet"]
[Result "0-1"]
[WhiteElo "1171"]
[BlackElo "1443"]
[PlyCount "69"]
[EventDate "2017.10.15"]
[EventType "swiss"]
[EventRounds "7"]
[EventCountry "PER"]
[SourceTitle "EXT 2019"]
[Source "ChessBase"]
[SourceDate "2018.10.10"]
[SourceVersion "1"]
[SourceVersionDate "2018.10.10"]
[SourceQuality "1"]

1. e4 c5 2. Nf3 d6 3. d4 cxd4 4. Nxd4 Nf6 5. Nc3 g6 6. Bb5+ Bd7 7. Bxd7+ Qxd7 8. 0-0 Bg7 9. Bg5 0-0 10. Re1 Nc6 11. Nxc6 Qxc6 12. e5 dxe5 13. Rxe5 e6 14. Re3 Rfe8 15. Rf3 Ne4 16. Nxe4 Qxe4 17. Qd7 f5 18. Re3 Qc4 19. b3 Qc8 20. Rd1 Qxc2 21. Rxe6 Qxd1+ 22. Qxd1 Rxe6 23. Qd5 Rae8 24. g3 h6 25. Be3 b6 26. a4 Kh7 27. Qd7 R8e7 28. Qc8 Re4 29. Bd2 Bd4 30. Bc3 Bxc3 31. Qxc3 Rd7 32. Qc6 Ree7 33. b4 h5 34. a5 bxa5 35. bxa5 0-1

[Event "Pan American-ch U08"]
[Site "San Jose"]
[Date "2017.07.03"]
[Round "5"]
[White "Chavez Bautista, Lennin Alfredo"]
[Black "Gonzalez Gonzalez, Agustin Patricio"]
[Result "0-1"]
[WhiteElo "1215"]
[BlackElo "1284"]
[PlyCount "118"]
[EventDate "2017.07.01"]
[EventType "swiss"]
[EventRounds "9"]
[EventCountry "CRI"]
[SourceTitle "EXT 2022"]
[Source "ChessBase"]
[SourceDate "2021.10.06"]
[SourceVersion "1"]
[SourceVersionDate "2021.10.06"]
[SourceQuality "1"]

1. e4 e6 2. d4 d5 3. e5 c5 4. c3 Nc6 5. Nf3 f6 6. Bd3 c4 7. Bc2 Bd7 8. 0-0 Be7 9. Re1 f5 10. Nbd2 Nh6 11. Nf1 Nf7 12. Ng3 a6 13. Bd2 Qc7 14. Qe2 Nfd8 15. Rad1 Rb8 16. h3 b5 17. a3 h6 18. Nh5 Rg8 19. b4 a5 20. Ng3 Ra8 21. Qe3 a4 22. Qe2 g5 23. Nh5 Nb7 24. Nf6+ Bxf6 25. exf6 f4 26. Ne5 Nxe5 27. Qxe5 Qxe5 28. dxe5 Bc6 29. Rc1 Kf7 30. Bd1 Rad8 31. Bh5+ Kf8 32. f7 Rg7 33. Rcd1 Rd7 34. g3 Nd8 35. gxf4 gxf4+ 36. Kf1 f3 37. Bxf3 Nxf7 38. Bh5 Ng5 39. h4 Nf7 40. Bxf7 Rgxf7 41. Bxh6+ Ke8 42. Re3 Rf5 43. Bg5 Rdf7 44. Rd2 Rf3 45. Rxf3 Rxf3 46. h5 Kf7 47. Rc2 d4 48. cxd4 Rxa3 49. h6 Bf3 50. Rc1 Rb3 51. h7 Kg7 52. Bf6+ Kxh7 53. Kg1 Be4 54. Re1 Bd5 55. Kh2 Rf3 56. Rh1 Rxf2+ 57. Kg1+ Bxh1 58. Kxf2 a3 59. Kg1 a2 0-1